<?xml version="1.0" encoding="UTF-8"?>
<record
    xmlns:xsi="http://www.w3.org/2001/XMLSchema-instance"
    xsi:schemaLocation="http://www.loc.gov/MARC21/slim http://www.loc.gov/standards/marcxml/schema/MARC21slim.xsd"
    xmlns="http://www.loc.gov/MARC21/slim">

  <leader>01750nam a22002537a 4500</leader>
  <datafield tag="999" ind1=" " ind2=" ">
    <subfield code="c">22116</subfield>
    <subfield code="d">22116</subfield>
  </datafield>
  <controlfield tag="003">AR-CdUCM</controlfield>
  <controlfield tag="008">190429b           ||||| |||| 00| 0 spa d</controlfield>
  <datafield tag="040" ind1=" " ind2=" ">
    <subfield code="a">MUNICIPALIDAD PROVINCIAL DEL CUSCO</subfield>
    <subfield code="c">BIBLIOTECA MUNICIPAL DEL CUSCO</subfield>
  </datafield>
  <datafield tag="082" ind1=" " ind2=" ">
    <subfield code="a">Cuzco/N&#xB0;4/1942</subfield>
  </datafield>
  <datafield tag="245" ind1=" " ind2=" ">
    <subfield code="a">Revista Cuzco :</subfield>
    <subfield code="b">publicaci&#xF3;n mensual /</subfield>
    <subfield code="c">&#xC1;ngel G. Appiani S. director y fundador</subfield>
  </datafield>
  <datafield tag="260" ind1=" " ind2=" ">
    <subfield code="a">Cuzco :</subfield>
    <subfield code="b">H.G. Rozas,</subfield>
    <subfield code="c">1942.</subfield>
  </datafield>
  <datafield tag="300" ind1=" " ind2=" ">
    <subfield code="a">40 p&#xE1;ginas. :</subfield>
    <subfield code="b">ilustraciones ;</subfield>
    <subfield code="c">34 cm.</subfield>
  </datafield>
  <datafield tag="440" ind1=" " ind2=" ">
    <subfield code="a">Cuzco revista mensual.</subfield>
    <subfield code="n">A&#xF1;o II, N&#xB0;4, octubre, noviembre 1942.</subfield>
    <subfield code="9">47474</subfield>
  </datafield>
  <datafield tag="505" ind1=" " ind2=" ">
    <subfield code="a">Contenido: Homenaje de la docencia universitaria. -- Carta a &#xC1;ngel Appiani muerto a la hora del alba. Luis Nieto. -- Piedras blancas los amigos de &#xC1;ngel Appiani. -- Sociolog&#xED;a peruana los peores enemigos de los incas. John H. Rowe. -- Arqueolog&#xED;a nacional las canteras de Cachi ccata. Antonio Astete Abrill. -- Ensayos folkloricos juegos infantiles del Chinchaysuyo Chawi Chuncay. -- Problemas sociales de Am&#xE9;rica el desarrollo de una comunidad ind&#xED;gena. Federico Ponce de Le&#xF3;n.-- Los grandes novelistas de Am&#xE9;rica el mundo es ancho y ajeno de Ciro Alegr&#xED;a. Jos&#xE9; Gabriel Cosio. -- En la region del Madre de Dios cuadro lacerante del m&#xE1;s terrible ascetismo. -- Los Amaru mayos del r&#xED;o mar de Amazonas. -- Temas de nuestro tiempo la prensa en la batalla por la cultura. Julio G. Guti&#xE9;rrez. -- La medicina aborigen del antiguo Per&#xFA;. -- P&#xE1;rrafos de V&#xED;ctor Hugo.</subfield>
  </datafield>
  <datafield tag="650" ind1=" " ind2=" ">
    <subfield code="a">Historia del Cusco</subfield>
    <subfield code="9">1714</subfield>
  </datafield>
  <datafield tag="650" ind1=" " ind2=" ">
    <subfield code="a">Literatura cusque&#xF1;a</subfield>
    <subfield code="9">47467</subfield>
  </datafield>
  <datafield tag="650" ind1=" " ind2=" ">
    <subfield code="a">Poes&#xED;a cusque&#xF1;a</subfield>
    <subfield code="9">2323</subfield>
  </datafield>
  <datafield tag="650" ind1=" " ind2=" ">
    <subfield code="a">Siglo XX</subfield>
    <subfield code="9">47468</subfield>
  </datafield>
  <datafield tag="700" ind1=" " ind2=" ">
    <subfield code="a">Rowe, John H</subfield>
    <subfield code="9">31394</subfield>
  </datafield>
  <datafield tag="700" ind1=" " ind2=" ">
    <subfield code="a">Astete Abrill, Antonio</subfield>
    <subfield code="9">32447</subfield>
  </datafield>
  <datafield tag="700" ind1=" " ind2=" ">
    <subfield code="a">Ponce de Le&#xF3;n, Federico</subfield>
    <subfield code="9">45883</subfield>
  </datafield>
  <datafield tag="942" ind1=" " ind2=" ">
    <subfield code="2">ddc</subfield>
    <subfield code="c">PP</subfield>
  </datafield>
  <datafield tag="945" ind1=" " ind2=" ">
    <subfield code="a">rac</subfield>
  </datafield>
  <datafield tag="952" ind1=" " ind2=" ">
    <subfield code="0">0</subfield>
    <subfield code="2">ddc</subfield>
    <subfield code="4">0</subfield>
    <subfield code="7">0</subfield>
    <subfield code="a">HEM</subfield>
    <subfield code="b">HEM</subfield>
    <subfield code="c">CART</subfield>
    <subfield code="d">2022-03-07</subfield>
    <subfield code="g">5.00</subfield>
    <subfield code="o">Cuzco/N&#xB0;4/1942</subfield>
    <subfield code="p">REVC000854</subfield>
    <subfield code="r">2022-03-07</subfield>
    <subfield code="y">PP</subfield>
  </datafield>
</record>
